000 00398pab a2200169 454500
008 180718b2009 xxu||||| |||| 00| 0 eng d
100 _aDeoskar, A.S.
245 _aTraining note on forensic entomology
260 _c2009
300 _ap.12-14.
362 _aJan-Mar
650 _aForensic medicine
700 _aDutta, A.
773 _aIndian Police Journal
908 _aN
909 _a83741
999 _c83741
_d83741